000 01655cam a22004574i 4500
003 PE-LiUPU
005 20250731173326.0
008 150625s2004 xxu rb 000 0 eng d
020 _a1594676429
035 _a(Sirsi) i9781594676420
040 _aPE-LiUPU
_bspa
_cPE-LiUPU
_erda
049 _aPRUA
082 0 4 _a241.63
_bF57
_221
100 1 _aFisher, Dale E. ,
_eautor.
245 1 2 _aA biblical study of divorce /
_cDale E. Fisher.
264 1 _aUSA :
_bXulon Press,
_c2004.
300 _a179 páginas ;
_c28 centímetros
336 _atext
_2rdacontent
337 _aunmediated
_2rdamedia
338 _avolume
_2rdacarrier
504 _aIncluye bibliografía.
505 0 _aOld testament studies -- New Testament studies -- Jesus' divorce teaching in the gospels -- New testament studies -- Other new testament scriptures -- Divorce views -- Summary comments -- Finally, my Brethren.
526 _aSEG42
526 _aSEG41
526 _aSEG40
526 _aSEG39
526 _aP94
526 _aP87
526 _aP86
526 _aP85
526 _aP77
526 _aP76
526 _aP35
541 _g103-8190058-5681041;
650 1 4 _aDivorcio en la biblia.
942 _2ddc
_cBOOK
949 _a241.63 F57
_wDEWEY
_c1
_i58663
_lCCODEBUL1
_mBUL
_p12.00
_r0
_sY
_tBOOK
_u2015-6-25
_xTEOLOGIA
_zUNKNOWN
_0COMPRA
_o.STAFF. Colección General
994 _aC0
_bPEPRU
596 _a1
999 _a241.63 F57
_wDEWEY
_c47543
_i58663
_f2021-11-10
_g5
_lCCODEBUL1
_mBUL
_p12.00
_r0
_sY
_tBOOK
_u2015-6-25
_xTEOLOGIA
_PP35
_0COMPRA
_o.STAFF. Colección Teología
_d47543
980 _81
_gALBERTO SANCHEZ Responsable de Automatización